000 00356nam a2200157Ia 4500
008 210716s2001 xx 000 0 und d
020 _a0373709641
041 _aeng
082 _a808.83 WINB
100 _aWinn, Bonnie K.
245 _aFamily found.
250 _a1
260 _aNew York
_bHarlequin Books
_c2001
300 _a298
650 _aNovels
999 _c200104
_d200104